[Event "Speed Chess (Women) Q2"]
[Site "Chess.com INT"]
[Date "2021.05.29"]
[Round "9"]
[White "Nandhidhaa, PV."]
[Black "Zakirova, Aisha"]
[Result "1/2-1/2"]
[WhiteElo "2365"]
[BlackElo "1585"]
[PlyCount "46"]
[EventDate "2021.05.29"]
[EventType "swiss (blitz)"]
[EventRounds "13"]
[EventCountry "USA"]
[SourceTitle "CBM 202 Extra"]
[Source "ChessBase"]
[SourceDate "2021.07.31"]
[SourceVersion "1"]
[SourceVersionDate "2021.07.31"]
[SourceQuality "1"]

1. e4 c5 2. Nf3 d6 3. d4 cxd4 4. Qxd4 Nc6 5. Qe3 Nf6 6. h3 g6 7. b3 Bg7 8. Bb2 0-0 9. Be2 Qb6 10. Qxb6 axb6 11. Bd3 Nb4 12. a3 Nxd3+ 13. cxd3 Be6 14. Nbd2 Rfc8 15. Nd4 Nd7 16. Ke2 Nc5 17. Rhc1 Nxb3 18. N2xb3 Bxb3 19. Rab1 Ba2 20. Ra1 Be6 21. Rab1 Ba2 22. Ra1 Be6 23. Rab1 Ba2 1/2-1/2

[Event "Speed Chess (Women) Q2"]
[Site "Chess.com INT"]
[Date "2021.05.29"]
[Round "12"]
[White "Shvedova, Alexandra"]
[Black "Zakirova, Aisha"]
[Result "1/2-1/2"]
[WhiteElo "1976"]
[BlackElo "1585"]
[PlyCount "74"]
[EventDate "2021.05.29"]
[EventType "swiss (blitz)"]
[EventRounds "13"]
[EventCountry "USA"]
[SourceTitle "CBM 202 Extra"]
[Source "ChessBase"]
[SourceDate "2021.07.31"]
[SourceVersion "1"]
[SourceVersionDate "2021.07.31"]
[SourceQuality "1"]

1. e4 c5 2. Ne2 Nf6 3. Nbc3 Nc6 4. g3 g6 5. Bg2 Bg7 6. d3 0-0 7. 0-0 d6 8. f4 Nd4 9. h3 Rb8 10. Nxd4 cxd4 11. Ne2 e5 12. g4 b5 13. Qe1 Bb7 14. Qg3 Rc8 15. c3 dxc3 16. bxc3 exf4 17. Bxf4 d5 18. e5 Nd7 19. d4 a5 20. Rab1 Qb6 21. Be3 b4 22. cxb4 axb4 23. a3 Rc4 24. Nf4 Rc3 25. Rxb4 Qa6 26. Qe1 Qxa3 27. Rxb7 Rxe3 28. Qf2 Nxe5 29. dxe5 Bxe5 30. Nxd5 Bd4 31. Nxe3 Bxe3 32. Kh2 Bxf2 33. Rxf2 Qd6+ 34. Kg1 Qd1+ 35. Kh2 Qd6+ 36. Kg1 Qd1+ 37. Kh2 Qd6+ 1/2-1/2

[Event "Speed Chess (Women) Q2"]
[Site "Chess.com INT"]
[Date "2021.05.29"]
[Round "6"]
[White "Zakirova, Aisha"]
[Black "Adam, Ernestina"]
[Result "1-0"]
[WhiteElo "1585"]
[BlackElo "1354"]
[PlyCount "103"]
[EventDate "2021.05.29"]
[EventType "swiss (blitz)"]
[EventRounds "13"]
[EventCountry "USA"]
[SourceTitle "CBM 202 Extra"]
[Source "ChessBase"]
[SourceDate "2021.07.31"]
[SourceVersion "1"]
[SourceVersionDate "2021.07.31"]
[SourceQuality "1"]

1. d4 Nf6 2. c4 g6 3. Nc3 Bg7 4. e4 d6 5. Nge2 0-0 6. Ng3 e5 7. d5 a5 8. Be2 Nbd7 9. h4 h5 10. Bg5 Nc5 11. Bxh5 Qe8 12. Be2 Nh7 13. Be3 f5 14. exf5 gxf5 15. h5 f4 16. Bxc5 fxg3 17. Be3 gxf2+ 18. Kf1 Bf6 19. h6 Bg5 20. Qd2 Qe7 21. Ne4 Bf4 22. g3 Bxe3 23. Qxe3 Bf5 24. Bd3 Qf7 25. Rd1 Qd7 26. Kg2 Bg4 27. Nxf2 Bf3+ 28. Kh2 Bxh1 29. Rxh1 Qf7 30. Kg2 Rae8 31. Ne4 Qe7 32. Rh4 Rf7 33. Rg4+ Kh8 34. Ng5 Nxg5 35. Rxg5 Rg8 36. Rxg8+ Kxg8 37. h7+ Kh8 38. Qh6 Qf6 39. Qe3 Rg7 40. c5 Qg5 41. Qxg5 Rxg5 42. cxd6 cxd6 43. Kf3 Rg7 44. g4 Rg5 45. Bf5 Rg7 46. Ke4 Rxh7 47. Bxh7 Kxh7 48. Kf5 Kg7 49. g5 b5 50. b3 a4 51. b4 a3 52. g6 1-0

[Event "Speed Chess (Women) Q2"]
[Site "Chess.com INT"]
[Date "2021.05.29"]
[Round "3"]
[White "Zakirova, Aisha"]
[Black "Mkrtchian, Lilit"]
[Result "1/2-1/2"]
[WhiteElo "1585"]
[BlackElo "2388"]
[PlyCount "173"]
[EventDate "2021.05.29"]
[EventType "swiss (blitz)"]
[EventRounds "13"]
[EventCountry "USA"]
[SourceTitle "CBM 202 Extra"]
[Source "ChessBase"]
[SourceDate "2021.07.31"]
[SourceVersion "1"]
[SourceVersionDate "2021.07.31"]
[SourceQuality "1"]

1. d4 Nf6 2. c4 c6 3. Nc3 d5 4. Nf3 dxc4 5. a4 Bf5 6. Ne5 Nbd7 7. Nxc4 Qc7 8. g3 e5 9. dxe5 Nxe5 10. Bf4 Nfd7 11. Bg2 g5 12. Ne3 gxf4 13. Nxf5 0-0-0 14. Qc2 Nc5 15. 0-0 fxg3 16. hxg3 a5 17. Rac1 h5 18. Ne4 Nxe4 19. Bxe4 Bb4 20. Rfd1 Kb8 21. Kg2 Rdg8 22. Nh4 Ng4 23. Qb3 Qb6 24. Qf3 Be7 25. Nf5 Bc5 26. e3 h4 27. Rh1 Bb4 28. Qf4+ Qc7 29. Qxc7+ Kxc7 30. Rxh4 Rxh4 31. Nxh4 Nf6 32. Bf3 Bd6 33. Nf5 Be5 34. Rc5 Bxb2 35. Rxa5 Kb6 36. Ne7 Kxa5 37. Nxg8 Nxg8 38. Bd1 Ne7 39. g4 b5 40. axb5 cxb5 41. f4 Kb4 42. Kf3 Bg7 43. f5 Kc3 44. e4 Be5 45. g5 b4 46. Kg4 b3 47. Bxb3 Kxb3 48. Kh5 Kc4 49. g6 fxg6+ 50. fxg6 Bg7 51. Kg5 Kd4 52. e5 Kxe5 53. Kg4 Kf6 54. Kf3 Kxg6 55. Ke3 Kf5 56. Kf2 Bd4+ 57. Kg2 Kg4 58. Kh1 Nd5 59. Kh2 Nf4 60. Kh1 Nh3 61. Kg2 Nf2 62. Kh2 Kh4 63. Kg2 Kg4 64. Kh2 Be3 65. Kg2 Ne4 66. Kh1 Ng3+ 67. Kg2 Kh4 68. Kh2 Bc5 69. Kg2 Bd6 70. Kg1 Kh3 71. Kf2 Be5 72. Kf3 Kh2 73. Ke3 Nh5 74. Kd3 Kg3 75. Kc4 Kf4 76. Kb5 Ke4 77. Ka6 Kd5 78. Ka7 Kc6 79. Ka8 Kd7 80. Kb7 Nf6 81. Ka8 Nd5 82. Kb7 Bd4 83. Ka8 Nb6+ 84. Kb7 Nd5 85. Ka8 Ne7 86. Kb7 Nc8 87. Ka8 1/2-1/2

[Event "Speed Chess (Women) Q2"]
[Site "Chess.com INT"]
[Date "2021.05.29"]
[Round "7"]
[White "Zakirova, Aisha"]
[Black "Nguyen, Thi Mai Hung"]
[Result "0-1"]
[WhiteElo "1585"]
[BlackElo "2254"]
[PlyCount "48"]
[EventDate "2021.05.29"]
[EventType "swiss (blitz)"]
[EventRounds "13"]
[EventCountry "USA"]
[SourceTitle "CBM 202 Extra"]
[Source "ChessBase"]
[SourceDate "2021.07.31"]
[SourceVersion "1"]
[SourceVersionDate "2021.07.31"]
[SourceQuality "1"]

1. d4 d5 2. c4 c6 3. Nc3 Nf6 4. Nf3 e6 5. e3 Nbd7 6. Qc2 Bd6 7. Bd3 0-0 8. 0-0 dxc4 9. Bxc4 b5 10. Bd3 Bb7 11. a3 Rc8 12. b4 a5 13. Rb1 Qe7 14. Na2 e5 15. dxe5 Nxe5 16. Be2 c5 17. Nxe5 Qxe5 18. f4 Qe7 19. bxc5 Rxc5 20. Qb3 Bd5 21. Qb2 Be4 22. Bd2 Rc2 23. Qd4 Bc5 24. Qe5 Rxd2 0-1